Pokémon présents dans Pokémon TCG Pocket (4 premières extensions) - Statistiques

Statistiques générales
  • Ce quiz a été pris 86 fois
    3 depuis la dernière actualisation
  • Le résultat moyen est 286 sur 472
Statistiques - réponses
Type de quiz Pokémon % Correct
☠️ Abo
100%
💧 Aquali
100%
☠️ Arbok
100%
🔥 Arcanin
100%
Arceus
100%
🔩 Archéodong
100%
🔩 Archéomire
100%
💧 Artikodin
100%
🌿 Aspicot
100%
💧 Blizzaroi
100%
💧 Blizzi
100%
🌿 Boustiflor
100%
🌿 Bulbizarre
100%
🔥 Caninos
100%
💧 Carabaffe
100%
💧 Carapuce
100%
🐉 | 🥊 Carchacrok
100%
🐉 | 🥊 Carmache
100%
🌿 Célébi
100%
🌿 Chenipan
100%
🌿 Chétiflor
100%
🌿 Chrysacier
100%
🌿 Coconfort
100%
🔮 Cresselia
100%
🌿 Dardargnan
100%
🔩 Dialga
100%
Dodrio
100%
Doduo
100%
🔥 Dracaufeu
100%
🐉 Draco
100%
🐉 Dracolosse
100%
Électhor
100%
Électrode
100%
🌿 Empiflor
100%
Évoli
100%
🔥 Feunard
100%
🌿 Florizarre
100%
🔥 Galopa
100%
🔮 Gardevoir
100%
🐉 | 🔮 Giratina
100%
💧 Givrali
100%
🔥 Goupix
100%
🥊 Gravalanch
100%
🐉 | 🥊 Griknot
100%
Grodoudou
100%
🥊 Grolem
100%
☠️ Grotadmorv
100%
🌿 Herbizarre
100%
🔮 Hypnomade
100%
💧 Hypocéan
100%
💧 Hypotrempe
100%
🌿 Insécateur
100%
Kangourex
100%
🥊 Kicklee
100%
🔮 Kirlia
100%
💧 Lamantine
100%
Leveinard
100%
💧 Léviator
100%
🌿 Lianaja
100%
💧 Lokhlass
100%
🥊 Lucario
100%
🥊 Machoc
100%
🥊 Machopeur
100%
🥊 Mackogneur
100%
💧 Magicarpe
100%
⚡ | 🔩 Magnéti
100%
⚡ | 🔩 Magnéton
100%
⚡ | 🔩 Magnézone
100%
🌿 Majaspic
100%
💧 Manaphy
100%
🥊 Marshadow
100%
🔮 Mélodelfe
100%
🔮 Mélofée
100%
Métamorph
100%
🔮 Mew
100%
🔮 Mewtwo
100%
Miaouss
100%
🐉 Minidraco
100%
🌿 Mystherbe
100%
☠️ Nidoking
100%
☠️ Nidoqueen
100%
☠️ Nidoran ♀️
100%
☠️ Nidoran ♂️
100%
☠️ Nidorina
100%
☠️ Nidorino
100%
🌿 Noadkoko
100%
🌿 Noeunoeuf
100%
🥊 Onix
100%
🌿 Ortide
100%
🥊 Ossatueur
100%
🥊 Osselait
100%
💧 Otaria
100%
Pachirisu
100%
💧 Palkia
100%
🌿 Papilusion
100%
🌿 Paras
100%
🌿 Parasect
100%
Persian
100%
💧 Phione
100%
🌿 Phyllali
100%
Piafabec
100%
Pikachu
100%
💧 Pingoléon
100%
🔥 Ponyta
100%
💧 Prinplouf
100%
🔥 Pyrax
100%
🔥 Pyroli
100%
🥊 Racaillou
100%
🌿 Rafflesia
100%
Raichu
100%
Rapasdepic
100%
Rattata
100%
Rattatac
100%
💧 Regice
100%
Regigigas
100%
🥊 Regirock
100%
🔩 Registeel
100%
🔥 Reptincel
100%
🥊 Riolu
100%
Rondoudou
100%
Ronflex
100%
Roucarnage
100%
Roucool
100%
Roucoups
100%
🔥 Salamèche
100%
🔩 Scalpion
100%
🔩 Scalproie
100%
☠️ Smogo
100%
☠️ Smogogo
100%
🔮 Soporifik
100%
💧 Stari
100%
💧 Staross
100%
🔥 Sulfura
100%
☠️ Tadmorv
100%
🥊 Tarinor
100%
🔩 Tarinorme
100%
🔮 Tarsal
100%
Tauros
100%
💧 Tiplouf
100%
💧 Tortank
100%
🥊 Tygnon
100%
🌿 Vipélierre
100%
Voltali
100%
Voltorbe
100%
🌿 Yanma
100%
🌿 Yanmega
100%
🔮 Zarbi
100%
Zébibron
100%
Zéblitz
100%
🔮 Abra
50%
🌿 Aéromite
50%
🔩 Airmure
50%
💧 Akwakwak
50%
🔮 Alakazam
50%
💧 Amonistar
50%
💧 Amonita
50%
💧 Amphinobi
50%
Anchwatt
50%
🌿 Apireine
50%
🔩 Bastiodon
50%
💧 Beldeneige
50%
💧 Blizarroi
50%
🌿 Bouldeneu
50%
Canarticho
50%
Capidextre
50%
Capumain
50%
Castorno
50%
☠️ Chacripan
50%
🥊 Charkos
50%
🌿 | 🔩 | 🥊 Cheniselle
50%
🌿 Cheniti
50%
🔥 Chimpenfeu
50%
🌿 Chlorobule
50%
🔮 Chovsourir
50%
☠️ Coatox
50%
🥊 Colossinge
50%
💧 Concombaffe
50%
Coudlangue
50%
☠️ Cradopaud
50%
🔮 Créfadet
50%
🔮 Créfollet
50%
🔮 Créhelf
50%
💧 Croâporal
50%
💧 Crustabri
50%
☠️ Darkrai
50%
Dedenne
50%
🔥 Démolosse
50%
🔩 Dialga Forme Originelle
50%
☠️ Dimoret
50%
🔩 Dinoclier
50%
🥊 Dolman
50%
🐉 Drakkarmin
50%
Dynavolt
50%
💧 Écayon
50%
🔮 Ectoplasma
50%
Élecsprint
50%
Élekable
50%
Élektek
50%
🥊 Embrylex
50%
Étouraptor
50%
Étourmi
50%
Étourvol
50%
Excelangue
50%
🔮 Fantominus
50%
☠️ Farfuret
50%
🥊 Férosinge
50%
🔮 Flabébé
50%
🔮 Flagadoss
50%
🔮 Floette
50%
🔮 Florges
50%
🌿 Fragilady
50%
💧 Frissonille
50%
🥊 Gallame
50%
Galvaran
50%
🔮 Golemastoc
50%
☠️ Grahyèna
50%
💧 Grenousse
50%
🔥 Grillepattes
50%
🔮 Gringolem
50%
🔥 | 🔩 Heatran
50%
🥊 Hippodocus
50%
🥊 Hippopotas
50%
Iguolta
50%
🌿 Joliflor
50%
🥊 Kabuto
50%
🥊 Kabutops
50%
🔮 Kadabra
50%
🥊 Kapoera
50%
Keunotor
50%
💧 Kokiyas
50%
💧 Krabbos
50%
💧 Krabby
50%
🥊 Kranidos
50%
Lampéroie
50%
🌿 Lampignon
50%
Laporeille
50%
☠️ Léopardus
50%
🔮 Lewsor
50%
🔥 Limagma
50%
🔮 Lippoutou
50%
Lixy
50%
Lockpin
50%
💧 Luminéon
50%
Luxio
50%
Luxray
50%
🔥 Maganon
50%
🔥 Magmar
50%
🔥 Malamandre
50%
🔥 Malosse
50%
☠️ Medhyèna
50%
🔩 Melmetal
50%
🔩 Meltan
50%
🌿 Mimitoss
50%
🔮 M. Mime
50%
Mygavolt
50%
🔩 Mysdibule
50%
🔮 Neitram
50%
🔮 Noctunoir
50%
☠️ Nosferalto
50%
☠️ Nosferapti
50%
☠️ Nostenfer
50%
Ohmassacre
50%
🔥 Ouisticram
50%
💧 Palkia Forme Originelle
50%
💧 Poissirène
50%
💧 Poissoroy
50%
💧 Psykokwak
50%
⚪ | 🥊 Ptéra
50%
💧 Ptitard
50%
🔥 Pyronille
50%
🔮 Ramoloss
50%
🔮 Rhinolove
50%
🌿 Roselia
50%
🌿 Roserade
50%
🥊 Sabelette
50%
🥊 Sablaireau
50%
🌿 Saquedeneu
50%
🔥 Scolocendre
50%
⚪ | 🌿 Shaymin
50%
🔥 Simiabraz
50%
🥊 Simularbre
50%
🌿 Sinistrail
50%
🔮 Skelénox
50%
🔮 Spectrum
50%
☠️ Spiritomb
50%
🌿 Spododo
50%
Statitik
50%
💧 Tartard
50%
💧 Tentacool
50%
💧 Tentacruel
50%
🔮 Téraclope
50%
💧 Têtarte
50%
🔥 Tritox
50%
🥊 Tyranocif
50%
🔥 Volcaropod
50%
Wattapik
50%
🥊 Ymphect
50%
🔥 Aflamanoir
0%
🌿 Aptirini
0%
💧 Azumarill
0%
💧 Barbicha
0%
💧 Barloche
0%
🔮 Baudrive
0%
🌿 Boskara
0%
☠️ Brutapode
0%
🌿 Cabriolaine
0%
🌿 Ceribou
0%
🌿 Ceriflor
0%
Chaffreux
0%
Chaglam
0%
🥊 Charmina
0%
🌿 Chevroum
0%
Chinchidou
0%
💧 Cochignon
0%
☠️ Corboss
0%
☠️ Cornèbre
0%
💧 Couaneton
0%
🌿 Crikzik
0%
🔮 Cryptéro
0%
🔮 Cupcanaille
0%
💧 Denticrisse
0%
🥊 Donphan
0%
🌿 Doudouvet
0%
☠️ Drascore
0%
🌿 Farfaduvet
0%
🔮 Feuforêve
0%
🔮 Grodrive
0%
Hoothoot
0%
💧 Khélocrok
0%
🥊 Krakos
0%
🥊 Kungfouine
0%
💧 Lakmécygne
0%
🔮 Magirêve
0%
💧 Mammochon
0%
🔥 Marcacrin
0%
💧 Marill
0%
🥊 Méditikka
0%
🌿 Mélokrik
0%
💧 Momartik
0%
⚡ | 🔮 Motisma
0%
🔥 Motisma Chaleur
0%
💧 Motisma Froid
0%
Motisma Hélice
0%
💧 Motisma Lavage
0%
🌿 Motisma Tonte
0%
☠️ Moufflair
0%
☠️ Moufouette
0%
Moumouflon
0%
Moumouton
0%
💧 Mustébouée
0%
💧 Mustéflott
0%
💧 Nigosier
0%
Noarfang
0%
🌿 Papilord
0%
Pashmilla
0%
🥊 Phanpy
0%
🌿 Phylali
0%
Pijako
0%
Porygon
0%
Porygon2
0%
Porygon-Z
0%
🥊 Poulpaf
0%
☠️ Rapion
0%
🥊 Rhinastoc
0%
🥊 Rhinocorne
0%
🥊 Rhinoféros
0%
💧 Sancoki
0%
🌿 Scarabrute
0%
🌿 Scarhino
0%
☠️ Scobolide
0%
🥊 Scorplane
0%
🥊 Scorvol
0%
🥊 Shaofouine
0%
💧 Stalgamin
0%
🔮 Sucroquin
0%
🥊 Taupiqueur
0%
🔮 Togekiss
0%
🔮 Togepi
0%
🔮 Togetic
0%
💧 Torgamord
0%
🌿 Torterra
0%
🌿 Tortipouss
0%
🥊 Triopiqueur
0%
💧 Tritosor
0%
🔥 Trytox
0%
☠️ Vénipatte
0%
🌿 Vortente
0%
Aucun quiz correspondant
Distribution des résultats
% des personnes avec chaque résultat
Percentile par nombre de réponses
Votre historique - résultats
Vous n’avez pas pris ce quiz depuis la dernière actualisation